[Event "European Club Cup 2006"]
[Site "Fuegen AUT"]
[Date "2006.10.08"]
[Round "1.1"]
[White "Hochstrasser, Michael"]
[Black "Akopian, Vladimir"]
[Result "1/2-1/2"]
[WhiteElo "2363"]
[BlackElo "2713"]
[PlyCount "135"]
[EventDate "2006.10.08"]
[EventType "team"]
[EventRounds "7"]
[EventCountry "AUT"]
[Source "lmi"]
[SourceDate "2006.10.08"]

1. d4 Nf6 2. c4 d6 3. Nc3 Nbd7 4. Nf3 g6 5. e4 e5 6. d5 Bg7 7. Bd3 O-O 8. O-O
a5 9. Rb1 Nc5 10. Bc2 Bd7 11. b3 Qe8 12. a3 Nh5 13. b4 axb4 14. axb4 Na4 15.
Nxa4 Bxa4 16. Bxa4 Qxa4 17. Be3 Qxd1 18. Rfxd1 Nf6 19. Nd2 Ng4 20. Ra1 Nxe3 21.
fxe3 f5 22. Kf2 f4 23. Nf3 Bh6 24. exf4 exf4 25. e5 dxe5 26. Rxa8 Rxa8 27. Nxe5
Bg7 28. Nd3 g5 29. Kf3 Kf7 30. h4 h6 31. hxg5 hxg5 32. c5 Kg6 33. d6 cxd6 34.
cxd6 Kf5 35. g4+ fxg3 36. d7 Bf6 37. Nc5 g4+ 38. Kxg3 Ra3+ 39. Kg2 b6 40. Nb7
Ra2+ 41. Kg1 Rb2 42. Rf1+ Ke6 43. d8=Q Bxd8 44. Nxd8+ Kd5 45. Rf4 g3 46. Rg4
Rd2 47. Rxg3 Kc4 48. Nc6 Kb5 49. Rg6 Rd7 50. Kf2 Rc7 51. Ne5 Kxb4 52. Rxb6+ Kc5
53. Rh6 Kd5 54. Nf3 Rc2+ 55. Ke3 Rc3+ 56. Kf4 Rc4+ 57. Kf5 Rc3 58. Ne5 Re3 59.
Ng6 Kc5 60. Rh8 Kd6 61. Rd8+ Kc5 62. Ne5 Rh3 63. Nd3+ Kc4 64. Nf4 Re3 65. Nd5
Re1 66. Nf6 Re2 67. Ne4 Rh2 68. Rc8+ 1/2-1/2

[Event "European Club Cup 2006"]
[Site "Fuegen AUT"]
[Date "2006.10.08"]
[Round "1.7"]
[White "Navara, David"]
[Black "Berelovich, Aleksandar"]
[Result "1/2-1/2"]
[WhiteElo "2725"]
[BlackElo "2551"]
[PlyCount "117"]
[EventDate "2006.10.08"]
[EventType "team"]
[EventRounds "7"]
[EventCountry "AUT"]
[Source "lmi"]
[SourceDate "2006.10.08"]

1. d4 e6 2. e4 d5 3. Nd2 c5 4. Ngf3 Nf6 5. e5 Nfd7 6. c3 Nc6 7. Bd3 Qb6 8. O-O
cxd4 9. cxd4 Nxd4 10. Nxd4 Qxd4 11. Nf3 Qb6 12. Qa4 Qb4 13. Qc2 Qc5 14. Qe2 Be7
15. Bd2 O-O 16. Rac1 Qb6 17. Bg5 Qd8 18. Bxe7 Qxe7 19. h4 h6 20. Bb1 Nc5 21. b4
Ne4 22. Bxe4 dxe4 23. Qxe4 Rb8 24. Qd4 b6 25. Qd6 Qxd6 26. exd6 Rd8 27. Rfd1 f6
28. h5 e5 29. Nh4 Rb7 30. Rd2 Kf7 31. Ng6 Bf5 32. Nh4 Be6 33. b5 Rbd7 34. Rc6
Bg4 35. f3 Bxh5 36. Nf5 Ke6 37. g4 Bg6 38. Ne7 Be8 39. Nd5 Bg6 40. Nc7+ Kf7 41.
Kf2 h5 42. gxh5 Bxh5 43. a4 Bg6 44. a5 e4 45. axb6 axb6 46. Rd4 exf3 47. Rxb6
Rh8 48. Kxf3 Rh3+ 49. Kf2 Rc3 50. Rb8 Rc2+ 51. Ke3 Rc3+ 52. Kd2 Rc2+ 53. Kd1
Rcxc7 54. dxc7 Rxd4+ 55. Ke1 Bf5 56. b6 Rc4 57. Rd8 Rb4 58. Rb8 Rc4 59. Rd8
1/2-1/2

[Event "European Club Cup 2006"]
[Site "Fuegen AUT"]
[Date "2006.10.08"]
[Round "1.10"]
[White "Marechal, Andy"]
[Black "Korotylev, Alexey"]
[Result "0-1"]
[WhiteElo "2304"]
[BlackElo "2613"]
[PlyCount "81"]
[EventDate "2006.10.08"]
[EventType "team"]
[EventRounds "7"]
[EventCountry "AUT"]
[Source "lmi"]
[SourceDate "2006.10.08"]

1. e4 c5 2. Nc3 d6 3. g3 Nc6 4. Bg2 g6 5. d3 Bg7 6. f4 Rb8 7. Nf3 b5 8. O-O b4
9. Nd5 e6 10. Ne3 Nge7 11. a3 O-O 12. axb4 cxb4 13. Nc4 d5 14. exd5 exd5 15.
Nce5 Qb6+ 16. Kh1 a5 17. Re1 Rd8 18. Be3 d4 19. Bg1 Qc7 20. b3 Bb7 21. Qe2 Nxe5
22. fxe5 Bxf3 23. Bxf3 Rb5 24. e6 f5 25. Qg2 Rc5 26. Re2 h5 27. h3 Be5 28. Bh2
Kg7 29. Rae1 h4 30. Rxe5 Rxe5 31. Rg1 Rxe6 32. gxh4 Qc5 33. h5 Rc8 34. Bf4 Qxc2
35. Qg3 Qxd3 36. Be5+ Kh7 37. Rd1 Qxb3 38. Bxd4 Rd8 39. Qf4 g5 40. Qxg5 Qxf3+
41. Kh2 0-1

[Event "European Club Cup 2006"]
[Site "Fuegen AUT"]
[Date "2006.10.08"]
[Round "1.13"]
[White "Inarkiev, Ernesto"]
[Black "Laurent, Bruno"]
[Result "1-0"]
[WhiteElo "2628"]
[BlackElo "2400"]
[PlyCount "70"]
[EventDate "2006.10.08"]
[EventType "team"]
[EventRounds "7"]
[EventCountry "AUT"]
[Source "lmi"]
[SourceDate "2006.10.08"]

1. d4 Nf6 2. c4 g6 3. Nf3 Bg7 4. g3 O-O 5. Bg2 c6 6. Nc3 d5 7. Qb3 dxc4 8. Qxc4
Na6 9. O-O Be6 10. Qa4 Nd5 11. Rd1 Ndb4 12. Bd2 b5 13. Qa3 Qb6 14. Rac1 Rac8
15. b3 Bf5 16. Qb2 Nd5 17. a3 Rfd8 18. b4 Nac7 19. Ne5 Nxc3 20. Qxc3 Nd5 21.
Qb3 Be6 22. Qc2 Bxe5 23. dxe5 Qd4 24. Bf4 Qb6 25. Bg5 Qc7 26. Qe4 a5 27. h4 h5
28. Qd4 Nb6 29. Qc5 Nc4 30. Rxd8+ Rxd8 31. Bxe7 Rd5 32. Bxd5 Bxd5 33. Bf6 Qc8
34. Qd4 Qh3 35. e4 Nd2 1-0

[Event "European Club Cup 2006"]
[Site "Fuegen AUT"]
[Date "2006.10.08"]
[Round "1.14"]
[White "Bergez, Luc"]
[Black "Smirnov, Pavel"]
[Result "0-1"]
[WhiteElo "2395"]
[BlackElo "2623"]
[PlyCount "86"]
[EventDate "2006.10.08"]
[EventType "team"]
[EventRounds "7"]
[EventCountry "AUT"]
[Source "lmi"]
[SourceDate "2006.10.08"]

1. e4 c5 2. Nf3 d6 3. Bc4 Nf6 4. d3 Nc6 5. Bb3 g6 6. O-O Bg7 7. c3 O-O 8. Re1
b5 9. d4 Bg4 10. Be3 cxd4 11. cxd4 Na5 12. Nc3 b4 13. Nd5 Nxe4 14. Bf4 e6 15.
Rxe4 exd5 16. Bxd5 Rc8 17. a3 Bf5 18. Re2 bxa3 19. Rxa3 Qb6 20. h3 Qb5 21. Ba2
d5 22. Ne5 a6 23. Ng4 Bxg4 24. hxg4 Nc4 25. Bxc4 Rxc4 26. Be3 Rfc8 27. Re1 Bf8
28. Rb3 Qc6 29. Qf3 a5 30. Qg3 a4 31. Rb8 Rxb8 32. Qxb8 Rb4 33. Qd8 Qd6 34. Qa8
Qb8 35. Qxb8 Rxb8 36. Ra1 Rb4 37. Rc1 Rxb2 38. Rc8 Kg7 39. Bf4 a3 40. Ra8 a2
41. Kh2 f6 42. f3 g5 43. Bc1 Bd6+ 0-1

[Event "European Club Cup 2006"]
[Site "Fuegen AUT"]
[Date "2006.10.08"]
[Round "1.18"]
[White "Thorfinnsson, Bjorn"]
[Black "Najer, Evgeniy"]
[Result "0-1"]
[WhiteElo "2317"]
[BlackElo "2648"]
[PlyCount "44"]
[EventDate "2006.10.08"]
[EventType "team"]
[EventRounds "7"]
[EventCountry "AUT"]
[Source "lmi"]
[SourceDate "2006.10.08"]

1. d4 d5 2. c4 c6 3. Nf3 Nf6 4. Nc3 e6 5. cxd5 exd5 6. Bg5 h6 7. Bh4 Bf5 8. e3
Nbd7 9. Bd3 Bxd3 10. Qxd3 Be7 11. O-O O-O 12. Nd2 Re8 13. f3 c5 14. Bf2 a6 15.
e4 cxd4 16. Nxd5 Nxd5 17. exd5 Nf6 18. Qxd4 Qxd5 19. Rfd1 Qf5 20. Nc4 Rac8 21.
b3 Bc5 22. Qd3 Re1+ 0-1

[Event "European Club Cup 2006"]
[Site "Fuegen AUT"]
[Date "2006.10.08"]
[Round "1.20"]
[White "Hardarson, Robert"]
[Black "Korneev, Oleg"]
[Result "0-1"]
[WhiteElo "2310"]
[BlackElo "2657"]
[PlyCount "96"]
[EventDate "2006.10.08"]
[EventType "team"]
[EventRounds "7"]
[EventCountry "AUT"]
[Source "lmi"]
[SourceDate "2006.10.08"]

1. e4 c5 2. Nf3 e6 3. d4 cxd4 4. Nxd4 a6 5. Bd3 Bc5 6. Nb3 Ba7 7. O-O Nc6 8.
Nc3 Nf6 9. Qe2 d6 10. a4 O-O 11. Bg5 h6 12. Be3 Bxe3 13. Qxe3 e5 14. Bc4 Nb4
15. Rac1 Qc7 16. Nd2 Be6 17. Bxe6 fxe6 18. Ne2 d5 19. c3 Nc6 20. h3 Rad8 21. f4
dxe4 22. Nxe4 Nd5 23. Qc5 exf4 24. Nd4 Nxd4 25. Qxc7 Nxc7 26. cxd4 Rxd4 27.
Rxc7 Rxe4 28. Rxb7 Rxa4 29. Re1 Re8 30. Rc1 Ra5 31. h4 Kh7 32. Rcc7 Rg8 33. Re7
Rh5 34. Rxe6 Rxh4 35. Rxa6 Rd8 36. Kf2 Rd2+ 37. Kf3 Rd3+ 38. Kf2 Rg4 39. Ra4
Rd2+ 40. Kf3 Rgxg2 41. Kxf4 Rdf2+ 42. Ke3 Rxb2 43. Rc7 Rb3+ 44. Kf4 h5 45. Ra8
Rg4+ 46. Kf5 Rb5+ 47. Ke6 Rg6+ 48. Kf7 Rf6+ 0-1

[Event "European Club Cup 2006"]
[Site "Fuegen AUT"]
[Date "2006.10.08"]
[Round "1.23"]
[White "Abeln, Michiel"]
[Black "Sutovsky, Emil"]
[Result "0-1"]
[WhiteElo "2380"]
[BlackElo "2607"]
[PlyCount "96"]
[EventDate "2006.10.08"]
[EventType "team"]
[EventRounds "7"]
[EventCountry "AUT"]
[Source "lmi"]
[SourceDate "2006.10.08"]

1. d4 Nf6 2. c4 e6 3. Nc3 Bb4 4. e3 b6 5. Nge2 Ba6 6. Ng3 Bxc3+ 7. bxc3 d5 8.
Ba3 Bxc4 9. Bxc4 dxc4 10. e4 Qd7 11. Rb1 Nc6 12. Qe2 Na5 13. O-O O-O-O 14. Bb4
Nb7 15. Qxc4 Qa4 16. Qb3 Qxb3 17. Rxb3 c5 18. dxc5 bxc5 19. Ba3 Nd7 20. Rfb1
Nb6 21. Rb5 Rd2 22. Bxc5 Nxc5 23. Rxc5+ Kb7 24. a4 Rhd8 25. a5 Rd1+ 26. Rxd1
Rxd1+ 27. Nf1 Nd7 28. Rc4 Ra1 29. Rb4+ Kc6 30. Rc4+ Nc5 31. f3 Rxa5 32. Nd2 Rb5
33. Rd4 a5 34. Nc4 a4 35. Rd8 Kc7 36. Rf8 f6 37. Kf2 Rb3 38. Rf7+ Nd7 39. Rxg7
Rxc3 40. Nb6 Kxb6 41. Rxd7 a3 42. e5 fxe5 43. g4 a2 44. Rd1 Kc5 45. Ra1 Ra3 46.
h4 Kd4 47. g5 Kc3 48. h5 Kb2 0-1

[Event "European Club Cup 2006"]
[Site "Fuegen AUT"]
[Date "2006.10.08"]
[Round "1.24"]
[White "Moiseenko, Alexander"]
[Black "Welling, Gerard"]
[Result "1-0"]
[WhiteElo "2632"]
[BlackElo "2371"]
[PlyCount "71"]
[EventDate "2006.10.08"]
[EventType "team"]
[EventRounds "7"]
[EventCountry "AUT"]
[Source "lmi"]
[SourceDate "2006.10.08"]

1. d4 d5 2. c4 c6 3. Nc3 Nf6 4. e3 g6 5. Nf3 Bg7 6. Bd3 O-O 7. O-O Bg4 8. h3
Bxf3 9. Qxf3 e6 10. Rd1 Nbd7 11. b3 Re8 12. Bb2 a6 13. Rac1 Qa5 14. a3 Rac8 15.
b4 Qd8 16. Qe2 a5 17. b5 Qe7 18. cxd5 cxd5 19. Na4 Qd6 20. Rc2 Ne4 21. Rdc1 Qf8
22. Rc7 Red8 23. Bxe4 dxe4 24. Qc2 Rb8 25. Qxe4 Nf6 26. Qf3 Nd5 27. R7c5 Qe8
28. Nc3 Nxc3 29. R1xc3 e5 30. R3c4 exd4 31. Bxd4 Bxd4 32. exd4 Rd7 33. Qe3 Qf8
34. b6 Rbd8 35. Rxa5 Qd6 36. Rb4 1-0

[Event "European Club Cup 2006"]
[Site "Fuegen AUT"]
[Date "2006.10.08"]
[Round "1.25"]
[White "Ondersteijn, Niels"]
[Black "Kogan, Artur"]
[Result "0-1"]
[WhiteElo "2288"]
[BlackElo "2564"]
[PlyCount "44"]
[EventDate "2006.10.08"]
[EventType "team"]
[EventRounds "7"]
[EventCountry "AUT"]
[Source "lmi"]
[SourceDate "2006.10.08"]

1. e4 c5 2. Nc3 Nc6 3. f4 e6 4. Nf3 d5 5. Bb5 Nf6 6. Ne5 Qc7 7. Qe2 Be7 8. O-O
O-O 9. Bxc6 bxc6 10. d3 Rb8 11. b3 Ba6 12. Na4 c4 13. bxc4 dxe4 14. dxe4 Qa5
15. Nb2 Rxb2 16. Bxb2 Qb6+ 17. Kh1 Qxb2 18. Rab1 Qa3 19. Nxc6 Bc5 20. e5 Nd5
21. Rf3 Qxa2 22. Rfb3 Nc3 0-1

[Event "European Club Cup 2006"]
[Site "Fuegen AUT"]
[Date "2006.10.08"]
[Round "1.26"]
[White "Kovalev, Andrei"]
[Black "Broekmeulen, Jasper"]
[Result "0-1"]
[WhiteElo "2548"]
[BlackElo "2273"]
[PlyCount "90"]
[EventDate "2006.10.08"]
[EventType "team"]
[EventRounds "7"]
[EventCountry "AUT"]
[Source "lmi"]
[SourceDate "2006.10.08"]

1. e4 c5 2. Nf3 d6 3. d4 cxd4 4. Nxd4 Nf6 5. Nc3 a6 6. a4 e5 7. Nf3 h6 8. Bc4
Be7 9. O-O Be6 10. Qe2 Qc7 11. Bxe6 fxe6 12. Nh4 O-O 13. Ng6 Re8 14. f4 exf4
15. Bxf4 Nbd7 16. Nxe7+ Rxe7 17. Rad1 Ne5 18. Kh1 Rf8 19. Bxe5 dxe5 20. Rd3
Ref7 21. h3 Qc5 22. Rff3 Nh5 23. Rxf7 Rxf7 24. Kh2 Nf4 25. Rd8+ Kh7 26. Qf3 Qb6
27. Rd2 Qxb2 28. g3 Qc1 29. Rf2 Qe1 30. Rf1 Qd2+ 31. Rf2 Qe1 32. Rf1 Qd2+ 33.
Rf2 Qd4 34. Ne2 Nxe2 35. Qxf7 Nf4 36. Rxf4 exf4 37. Qxf4 Qxa4 38. h4 Qxc2+ 39.
Kh3 b5 40. Qe5 Qc4 41. g4 b4 42. Qf4 Qc3+ 43. Kg2 Qf6 44. Qg3 Qb2+ 45. Kg1 Qb1+
0-1

[Event "European Club Cup 2006"]
[Site "Fuegen AUT"]
[Date "2006.10.08"]
[Round "1.27"]
[White "Muhren, Willem"]
[Black "Gruenfeld, Yehuda"]
[Result "0-1"]
[WhiteElo "2260"]
[BlackElo "2475"]
[PlyCount "92"]
[EventDate "2006.10.08"]
[EventType "team"]
[EventRounds "7"]
[EventCountry "AUT"]
[Source "lmi"]
[SourceDate "2006.10.08"]

1. e4 e6 2. d4 d5 3. Nc3 Nf6 4. e5 Nfd7 5. f4 c5 6. Nf3 Nc6 7. Be3 a6 8. Qd2 b5
9. dxc5 Bxc5 10. Bxc5 Nxc5 11. Qf2 Qb6 12. Bd3 Bd7 13. O-O Na4 14. Nxa4 Qxf2+
15. Kxf2 bxa4 16. b3 Ke7 17. Rfb1 Nb4 18. Nd4 a3 19. Ke3 f6 20. c3 Nxd3 21.
Kxd3 fxe5 22. fxe5 Be8 23. Kd2 Bg6 24. Re1 Rhf8 25. Rf1 Be4 26. g3 Bg2 27. Rxf8
Rxf8 28. Ke2 h5 29. Ke3 Be4 30. Rc1 Bg2 31. c4 dxc4 32. Rxc4 Kd7 33. Ra4 Bb7
34. Ke2 Rc8 35. Ke3 g5 36. Ra5 Rc1 37. h4 gxh4 38. gxh4 Rh1 39. Rxa3 Rxh4 40.
Ra5 Re4+ 41. Kd3 h4 42. Rc5 h3 43. Rc2 Rxd4+ 44. Kxd4 Bg2 45. Kc5 h2 46. Rd2+
Kc7 0-1

[Event "European Club Cup 2006"]
[Site "Fuegen AUT"]
[Date "2006.10.08"]
[Round "1.28"]
[White "Wiersma, Eelke"]
[Black "Kasimdzhanov, Rustam"]
[Result "0-1"]
[WhiteElo "2414"]
[BlackElo "2672"]
[PlyCount "76"]
[EventDate "2006.10.08"]
[EventType "team"]
[EventRounds "7"]
[EventCountry "AUT"]
[Source "lmi"]
[SourceDate "2006.10.08"]

1. e4 e5 2. Nf3 Nc6 3. d4 exd4 4. Nxd4 Bb4+ 5. c3 Bc5 6. Nxc6 bxc6 7. Bd3 Ne7
8. O-O d6 9. Nd2 O-O 10. Kh1 f5 11. f4 Bb6 12. Qf3 Kh8 13. exf5 Bxf5 14. Bxf5
Nxf5 15. Nc4 d5 16. Ne5 Qe8 17. Bd2 Nd6 18. Rae1 Ne4 19. Be3 Qe6 20. c4 Qd6 21.
Rd1 Rae8 22. Bxb6 axb6 23. cxd5 cxd5 24. Qb3 Qc5 25. Nd3 Qe3 26. Qc2 b5 27. Rf3
Qb6 28. b4 Qd4 29. Ne5 Qxb4 30. Qxc7 Qa4 31. Rdf1 Qxa2 32. Qd7 b4 33. Nf7+ Kg8
34. f5 d4 35. Nh6+ gxh6 36. f6 Qf7 37. Qxd4 b3 38. h3 Re6 0-1

[Event "European Club Cup 2006"]
[Site "Fuegen AUT"]
[Date "2006.10.08"]
[Round "1.29"]
[White "Timofeev, Artyom"]
[Black "Van Haastert, Edwin"]
[Result "1-0"]
[WhiteElo "2662"]
[BlackElo "2393"]
[PlyCount "71"]
[EventDate "2006.10.08"]
[EventType "team"]
[EventRounds "7"]
[EventCountry "AUT"]
[Source "lmi"]
[SourceDate "2006.10.08"]

1. e4 c5 2. Nf3 d6 3. d4 cxd4 4. Nxd4 Nf6 5. Nc3 a6 6. Be3 e5 7. Nf3 Be7 8. Bc4
O-O 9. O-O Be6 10. Qe2 Qc7 11. Bb3 Re8 12. Rfd1 Nbd7 13. Bg5 Rac8 14. Nh4 g6
15. g3 Nb6 16. Ng2 Nh5 17. Bh6 Bf8 18. Bxf8 Rxf8 19. Ne3 Nf6 20. Rd3 Nc4 21.
Qf3 Qe7 22. Bxc4 Bxc4 23. Nxc4 Rxc4 24. Rad1 Rd8 25. Qe2 b5 26. Nd5 Nxd5 27.
Rxd5 Rc5 28. R5d2 Qe6 29. a3 f5 30. exf5 gxf5 31. Qe3 Rcc8 32. Qb6 e4 33. Rxd6
Rxd6 34. Rxd6 Qe5 35. c3 a5 36. Rd7 1-0

[Event "European Club Cup 2006"]
[Site "Fuegen AUT"]
[Date "2006.10.08"]
[Round "1.30"]
[White "Bosman, Michiel"]
[Black "Filippov, Valerij"]
[Result "0-1"]
[WhiteElo "2339"]
[BlackElo "2562"]
[PlyCount "114"]
[EventDate "2006.10.08"]
[EventType "team"]
[EventRounds "7"]
[EventCountry "AUT"]
[Source "lmi"]
[SourceDate "2006.10.08"]

1. e4 c5 2. Nf3 Nc6 3. Bb5 g6 4. Bxc6 dxc6 5. d3 Bg7 6. Nc3 Nf6 7. Be3 b6 8. h3
O-O 9. Qd2 e5 10. Bh6 Qd6 11. O-O Nh5 12. Bxg7 Kxg7 13. a3 Be6 14. Ne2 f6 15.
b4 Kh8 16. Qc3 g5 17. bxc5 bxc5 18. Kh2 Nf4 19. Neg1 Bg8 20. Rab1 Rab8 21. Qa5
c4 22. Rxb8 Qxb8 23. g3 Ne6 24. dxc4 Rd8 25. Qb4 c5 26. Qc3 Nd4 27. Kg2 Qb7 28.
Nd2 Qd7 29. Rb1 Nxc2 30. Qxc2 Qxd2 31. Qxd2 Rxd2 32. Rb5 Bxc4 33. Rxc5 Bd3 34.
Kf3 Bf1 35. Rc3 Rd1 36. Ke3 Bb5 37. Nf3 Kg7 38. Nd2 Kg6 39. Nc4 Re1+ 40. Kf3 h5
41. g4 Rd1 42. Ne3 Rd3 43. Rxd3 Bxd3 44. gxh5+ Kxh5 45. Nd5 Kg6 46. Nc3 Kf7 47.
Kg4 Ke6 48. f3 a5 49. h4 gxh4 50. Kxh4 Kd6 51. Kg4 Kc5 52. Kf5 Kd4 53. Nd5 Be2
54. Kg4 f5+ 55. exf5 Kxd5 56. f6 Ke6 57. f7 Bxf3+ 0-1

[Event "European Club Cup 2006"]
[Site "Fuegen AUT"]
[Date "2006.10.08"]
[Round "1.32"]
[White "Bakker, Sven"]
[Black "Yandemirov, Valeri"]
[Result "1/2-1/2"]
[WhiteElo "2237"]
[BlackElo "2528"]
[PlyCount "68"]
[EventDate "2006.10.08"]
[EventType "team"]
[EventRounds "7"]
[EventCountry "AUT"]
[Source "lmi"]
[SourceDate "2006.10.08"]

1. d4 Nf6 2. c4 g6 3. Nc3 d5 4. Bf4 Bg7 5. e3 c6 6. Nf3 O-O 7. h3 Qa5 8. Qd2
Nbd7 9. a3 dxc4 10. Bxc4 Nb6 11. Ba2 Nbd5 12. Be5 Nxc3 13. Qxc3 Qxc3+ 14. bxc3
b6 15. O-O Ba6 16. Rfe1 c5 17. e4 cxd4 18. cxd4 Rac8 19. d5 Bd3 20. Rad1 Bc4
21. Bxc4 Rxc4 22. Bxf6 Bxf6 23. e5 Bg7 24. d6 exd6 25. exd6 Rcc8 26. d7 Rb8 27.
Ne5 Bxe5 28. Rxe5 Rfd8 29. a4 Kf8 30. Red5 Rb7 31. R5d4 Ke7 32. Re1+ Kf8 33.
Red1 Ke7 34. Re1+ Kf8 1/2-1/2

[Event "European Club Cup 2006"]
[Site "Fuegen AUT"]
[Date "2006.10.08"]
[Round "1.33"]
[White "Iljin, Artem"]
[Black "Wantola, Ivo"]
[Result "1-0"]
[WhiteElo "2513"]
[BlackElo "2226"]
[PlyCount "55"]
[EventDate "2006.10.08"]
[EventType "team"]
[EventRounds "7"]
[EventCountry "AUT"]
[Source "lmi"]
[SourceDate "2006.10.08"]

1. d4 Nf6 2. c4 e6 3. Nc3 Bb4 4. Qc2 Nc6 5. Nf3 O-O 6. Bd2 d6 7. a3 Bxc3 8.
Bxc3 Qe7 9. e3 a5 10. b3 e5 11. Be2 Bg4 12. d5 Nb8 13. e4 Na6 14. h3 Bd7 15.
Nd2 Nc5 16. O-O Ne8 17. f4 exf4 18. Rxf4 f5 19. Bd3 Nf6 20. Re1 fxe4 21. Nxe4
Nfxe4 22. Bxe4 Qg5 23. Bxh7+ Kh8 24. Rxf8+ Rxf8 25. Qg6 Qxg6 26. Bxg6 Bf5 27.
Rf1 Ne4 28. Be1 1-0

[Event "European Club Cup 2006"]
[Site "Fuegen AUT"]
[Date "2006.10.08"]
[Round "1.34"]
[White "Nisipeanu, Liviu Dieter"]
[Black "Kiik, Kalle"]
[Result "1-0"]
[WhiteElo "2690"]
[BlackElo "2444"]
[PlyCount "67"]
[EventDate "2006.10.08"]
[EventType "team"]
[EventRounds "7"]
[EventCountry "AUT"]
[Source "lmi"]
[SourceDate "2006.10.08"]

1. e4 c6 2. d4 d5 3. e5 c5 4. Nf3 cxd4 5. Nxd4 e6 6. Bd3 Nc6 7. Nxc6 bxc6 8.
O-O Ne7 9. c4 Ng6 10. f4 Bc5+ 11. Kh1 O-O 12. Nd2 a5 13. Qa4 Bd7 14. Nb3 Bb6
15. c5 Bc7 16. Bd2 f6 17. exf6 Rxf6 18. Nd4 e5 19. Bxg6 Rxg6 20. fxe5 Bxe5 21.
Nf3 Bxb2 22. Rab1 Bf6 23. Bf4 Bf5 24. Rb6 Be4 25. Bg3 d4 26. Rd1 h5 27. Nxd4
Qe8 28. Nf3 h4 29. Re1 Rg4 30. h3 Rxg3 31. Rxe4 Qg6 32. Qc4+ Kh7 33. Rxc6 Qf5
34. Rxh4+ 1-0

[Event "European Club Cup 2006"]
[Site "Fuegen AUT"]
[Date "2006.10.08"]
[Round "1.36"]
[White "Pelletier, Yannick"]
[Black "Volodin, Aleksandr"]
[Result "1/2-1/2"]
[WhiteElo "2588"]
[BlackElo "2339"]
[PlyCount "79"]
[EventDate "2006.10.08"]
[EventType "team"]
[EventRounds "7"]
[EventCountry "AUT"]
[Source "lmi"]
[SourceDate "2006.10.08"]

1. Nf3 Nf6 2. c4 c5 3. Nc3 b6 4. e4 d6 5. d4 cxd4 6. Nxd4 Bb7 7. Qe2 e6 8. g3
Be7 9. Bg2 a6 10. O-O Qc7 11. f4 O-O 12. Be3 Nbd7 13. f5 e5 14. Nb3 Rac8 15.
Nd2 Bc6 16. a4 Nc5 17. Rfc1 Qb7 18. Bf2 a5 19. b3 g6 20. g4 gxf5 21. gxf5 Kh8
22. Kh1 Rg8 23. Bf3 Nfd7 24. Nd5 Bxd5 25. cxd5 Bg5 26. Rcb1 Bxd2 27. Qxd2 Qa6
28. Bh4 Qd3 29. Qxd3 Nxd3 30. Be2 N3c5 31. Bf3 Nxe4 32. Bxe4 Rg4 33. Be7 Rxe4
34. Rc1 Rc5 35. f6 h5 36. Rg1 Rc2 37. Rac1 Rxc1 38. Rxc1 Rd4 39. Rc7 Nc5 40.
Bxd6 1/2-1/2

[Event "European Club Cup 2006"]
[Site "Fuegen AUT"]
[Date "2006.10.08"]
[Round "1.37"]
[White "Kosmo, Santul"]
[Black "Tregubov, Pavel V"]
[Result "0-1"]
[WhiteElo "2280"]
[BlackElo "2596"]
[PlyCount "78"]
[EventDate "2006.10.08"]
[EventType "team"]
[EventRounds "7"]
[EventCountry "AUT"]
[Source "lmi"]
[SourceDate "2006.10.08"]

1. e4 c5 2. Nf3 e6 3. c3 d5 4. e5 d4 5. cxd4 cxd4 6. Bb5+ Bd7 7. Bxd7+ Qxd7 8.
d3 Nc6 9. O-O Nge7 10. Bf4 Ng6 11. Bg3 Be7 12. Re1 O-O 13. Re4 Rfd8 14. Qe2
Rac8 15. Nbd2 Nb4 16. a3 Qa4 17. Re1 Na6 18. b3 Qxa3 19. Rxd4 Rxd4 20. Nxd4 Qb2
21. N4f3 Bb4 22. Rd1 Rc2 23. h4 Nc5 24. h5 Nf8 25. Qe3 Bxd2 26. Nxd2 Nxb3 27.
Nc4 Qd4 28. Qf3 Qd5 29. Qg4 Rc1 30. Rxc1 Nxc1 31. Nd6 Qc6 32. Bf4 Qa4 33. g3
Nxd3 34. h6 Qa1+ 35. Kg2 Qh1+ 36. Kxh1 Nxf2+ 37. Kg2 Nxg4 38. hxg7 Nd7 39. Nxb7
Kxg7 0-1

[Event "European Club Cup 2006"]
[Site "Fuegen AUT"]
[Date "2006.10.08"]
[Round "1.38"]
[White "David, Alberto"]
[Black "Lahtinen, Markku"]
[Result "1-0"]
[WhiteElo "2534"]
[BlackElo "2257"]
[PlyCount "101"]
[EventDate "2006.10.08"]
[EventType "team"]
[EventRounds "7"]
[EventCountry "AUT"]
[Source "lmi"]
[SourceDate "2006.10.08"]

1. d4 Nf6 2. c4 e6 3. Nc3 Bb4 4. Qc2 c5 5. dxc5 Na6 6. a3 Qa5 7. Bd2 Nxc5 8.
Rd1 Bxc3 9. Bxc3 Qa4 10. Qxa4 Nxa4 11. Be5 b6 12. f3 O-O 13. e4 Ne8 14. b3 f6
15. Ba1 Nc5 16. b4 Nb3 17. Bb2 a5 18. Ne2 d6 19. Rd3 a4 20. Nd4 Nxd4 21. Bxd4
Rb8 22. Be2 e5 23. Be3 Be6 24. Rd2 Rf7 25. Kf2 Rc7 26. Rc1 Kf7 27. Rdc2 g6 28.
g4 g5 29. Rc3 h6 30. h4 Ng7 31. Rd1 Ne8 32. Rh1 Ng7 33. Rd1 Ne8 34. Kg3 Rbb7
35. Rdc1 Rb8 36. hxg5 hxg5 37. Rh1 Ng7 38. Rcc1 Kg6 39. Rhd1 Ne8 40. Kg2 Kf7
41. Kf2 Rbb7 42. Ke1 Rb8 43. Kd2 Kg6 44. Rh1 Ng7 45. Rh2 Bg8 46. Rh8 Ne6 47.
Bxb6 Rxb6 48. Rxg8+ Kf7 49. Rh8 Rbb7 50. Ke3 Nd4 51. Bd3 1-0

[Event "European Club Cup 2006"]
[Site "Fuegen AUT"]
[Date "2006.10.08"]
[Round "1.39"]
[White "Porrasmaa, Timo"]
[Black "Apicella, Manuel"]
[Result "0-1"]
[WhiteElo "2210"]
[BlackElo "2538"]
[PlyCount "104"]
[EventDate "2006.10.08"]
[EventType "team"]
[EventRounds "7"]
[EventCountry "AUT"]
[Source "lmi"]
[SourceDate "2006.10.08"]

1. c4 Nf6 2. g3 g6 3. Bg2 Bg7 4. Nf3 O-O 5. O-O d6 6. Nc3 e5 7. d3 Nc6 8. Bg5
h6 9. Bxf6 Bxf6 10. Rb1 a5 11. a3 Bg7 12. b4 axb4 13. axb4 Be6 14. b5 Ne7 15.
Qc2 Qd7 16. Nd2 Bh3 17. Bxb7 Bxf1 18. Bxa8 Bxe2 19. Bg2 Bg4 20. Nb3 Bh3 21. Bh1
Nf5 22. Nd5 Re8 23. Qd2 Ne7 24. Nc3 Kh7 25. Na5 Qg4 26. Nc6 Nxc6 27. Bxc6 Rb8
28. Nd5 Qf3 29. Nb4 Qg4 30. Na6 Rb6 31. Bd5 c6 32. Bh1 cxb5 33. cxb5 Qd4 34.
Qc2 d5 35. Nc7 Bf5 36. Rd1 Rb8 37. Bxd5 Rc8 38. Be4 Bxe4 39. dxe4 Rxc7 40. Qxc7
Qxd1+ 41. Kg2 Qd4 42. b6 Qxe4+ 43. Kg1 Qe1+ 44. Kg2 Qa5 45. Qa7 Qd5+ 46. Kg1
Qd4 47. Qc7 e4 48. b7 e3 49. Qxf7 e2 50. b8=Q e1=Q+ 51. Kg2 Qde4+ 52. Qf3 Qc4
0-1

[Event "European Club Cup 2006"]
[Site "Fuegen AUT"]
[Date "2006.10.08"]
[Round "1.40"]
[White "Van Wely, Loek"]
[Black "Pilgaard, Kim"]
[Result "1-0"]
[WhiteElo "2676"]
[BlackElo "2421"]
[PlyCount "47"]
[EventDate "2006.10.08"]
[EventType "team"]
[EventRounds "7"]
[EventCountry "AUT"]
[Source "lmi"]
[SourceDate "2006.10.08"]

1. d4 Nf6 2. c4 e6 3. Nf3 b6 4. g3 Bb7 5. Bg2 Be7 6. O-O O-O 7. Re1 d5 8. cxd5
exd5 9. Nc3 Nbd7 10. Bf4 c5 11. Qb3 cxd4 12. Nxd4 Nc5 13. Qc2 Qd7 14. Red1 Nfe4
15. Ndb5 Bf6 16. Nxe4 Nxe4 17. Nc7 Qc8 18. Rac1 g5 19. Nxa8 Qxc2 20. Rxc2 gxf4
21. Nc7 fxg3 22. hxg3 Rc8 23. Nxd5 Rxc2 24. Bxe4 1-0